Manual de Crédito Nacional 1986 / (Registro nro. 8183)

Detalles MARC
000 -LEADER
fixed length control field 00782nam a2200205Ia 4500
003 - CONTROL NUMBER IDENTIFIER
control field OSt
005 - DATE AND TIME OF LATEST TRANSACTION
control field 20210724011819.0
008 - FIXED-LENGTH DATA ELEMENTS--GENERAL INFORMATION
fixed length control field 210310s1986 ck gr 000 0 spa d
040 ## - CATALOGING SOURCE
Original cataloging agency CO-JMCR
Transcribing agency CO-JMCR
041 0# - LANGUAGE CODE
Language code of text/sound track or separate title spa
082 04 - DEWEY DECIMAL CLASSIFICATION NUMBER
Classification number 332.72 /
Item number C649m
Edition number 23
110 2# - MAIN ENTRY--CORPORATE NAME
Corporate name or jurisdiction name as entry element Cámara de Comercio de Bogotá
9 (RLIN) 9118
245 10 - TITLE STATEMENT
Title Manual de Crédito Nacional 1986 /
Statement of responsibility, etc. Cámara de Comercio de Bogotá
260 ## - PUBLICATION, DISTRIBUTION, ETC.
Place of publication, distribution, etc. Bogotá :
Name of publisher, distributor, etc. Ediciones Bancarias y Financieras Ltda.,
Date of publication, distribution, etc. 1986
300 ## - PHYSICAL DESCRIPTION
Extent 101 páginas ;
Dimensions 23 cm.
504 ## - BIBLIOGRAPHY, ETC. NOTE
Bibliography, etc. note Bibliografía: página 101
505 0# - FORMATTED CONTENTS NOTE
Formatted contents note Entidades financieras -- Sector agropecuario -- Sector industrial -- Sector de la construcción y vivienda -- Sector comercio -- Sector servicios y otros
650 14 - SUBJECT ADDED ENTRY--TOPICAL TERM
Topical term or geographic name entry element Crédito
9 (RLIN) 16560
General subdivision Manuales
Geographic subdivision Colombia
942 ## - ADDED ENTRY ELEMENTS (KOHA)
Source of classification or shelving scheme Dewey Decimal Classification
Koha item type Books
Existencias
Withdrawn status Lost status Source of classification or shelving scheme Damaged status Not for loan Collection code Home library Current library Date acquired Source of acquisition Full call number Barcode Date last seen Copy number Koha item type
    Dewey Decimal Classification     Non-fiction Biblioteca Pública José María del Castillo y Rada Biblioteca Pública José María del Castillo y Rada 04/15/2018 Donación 332.72 / C649m 430003325 05/16/2024 Ej.1 Books